Loading...
Story of rural development at etawah, Uttar Pradesh: Pilot project India
| Main Author: | |
|---|---|
| Format: | Printed Book |
| Language: | Undetermined Bengali |
| Published: |
Berkeley
University of California press
1958
|
| Subjects: |
| LEADER | 00628nam a2200169Ia 4500 | ||
|---|---|---|---|
| 008 | 140306s9999 xx 000 0 und d | ||
| 041 | |a ben | ||
| 082 | |a 307.7209542 |b MAY | ||
| 100 | |a Mayer, Albert | ||
| 245 | |a Story of rural development at etawah, Uttar Pradesh: Pilot project India | ||
| 260 | |a Berkeley |b University of California press |c 1958 | ||
| 300 | |a 367 | ||
| 650 | |a Rural development-India | ||
| 650 | |a Social sciences- Community- India | ||
| 942 | |2 ddc |c BK | ||
| 999 | |c 66607 |d 66607 | ||
| 952 | |0 0 |1 0 |2 ddc |4 0 |6 307_720954200000000_MAY |7 0 |9 72952 |a KAUACV |b KAUACV |d 2004-05-26 |o 307.7209542 MAY |p KAU_ACV-2509 |r 2014-03-22 |w 2014-03-22 |y BK | ||